Urob si sám Humoreska

Podrobná bibliografia
Hlavný autor: Conev, Vasil, 1925- (Autor)
Médium: Článok
Jazyk:slovenčina
Predmet:

MARC

LEADER 00000nab a2200000 a 4500
001 vtls000145010
003 SK-MaSNL
005 20260303025802.0
008 150430c1983 xo 0 slo
015 |a SNBRB19rr/mm-uuuuu 
035 |a CL0155117 
040 |a SNKBUCL  |b slo  |c SNKBUCL  |e AACR2 
041 0 |a slo 
044 |a xo  |c SK 
080 |a 886.7-7  |2 1981 
100 1 |a Conev, Vasil,  |d 1925-  |4 aut  |9 215961 
245 1 0 |a Urob si sám  |b Humoreska  |c Vasil Conev 
650 0 7 |a humoresky  |2 snkbucl  |9 73390 
655 7 |a články z novín a časopisov  |2 snkbucl  |9 267496 
655 7 |a články z odboru literárna veda a krásna literatúra  |2 snkbucl  |9 770045 
773 0 |t Smena na nedeľu  |g Roč. 18, č. 5 (1983), s. 10 
850 |a Slovenská národná knižnica v Martine  |a MTA001 
852 |a SNK  |b KIS3GCP 
958 |a RK 
958 |a LX 
958 |a SK 
992 |a RBX 
999 |c 1648370  |d 1650300